Từ điển cụm động từ và giới từ Anh Việt

Đã lưu trong:
Chi tiết về thư mục
Tác giả chính: Bùi Phụng
Định dạng: Sách
Ngôn ngữ:Vietnamese
Được phát hành: H. Văn hóa thông tin 1998
Những chủ đề:
Các nhãn: Thêm thẻ
Không có thẻ, Là người đầu tiên thẻ bản ghi này!
Thư viện lưu trữ: Mạng thư viện Đại học Đà Nẵng
LEADER 01014nam a2200313 4500
001 000015046
003 11417
005 20120521150538.0
008 120521s1998 viesd
041 0 |a vie 
082 |a 423  |b BU-P 
100 0 |a Bùi Phụng 
240 |a Dictionary of English-Vietnamese phrasal verbs 
245 0 |a Từ điển cụm động từ và giới từ Anh Việt  |c Bùi Phụng 
260 |a H.  |b Văn hóa thông tin  |c 1998 
300 |a 537tr.  |c 19 cm 
653 |a tiếng Anh 
653 |a tiếng Việt 
653 |a từ điển 
OWN |a LSP 
AVA |a UDN50  |b LSP  |d 423 BU-P  |e available  |t Error 5001 Not defined in file expand_doc_bib_avail.  |f 5  |g 0  |h N  |i 0  |k 1 
999 |a From the UDN01 
AVA |a UDN50  |b LSP  |d 423 BU-P  |e available  |t Error 5001 Not defined in file expand_doc_bib_avail.  |f 5  |g 0  |h N  |i 0  |k 1 
TYP |a Monograph 
TYP |a Printed language 
980 |a Mạng thư viện Đại học Đà Nẵng